Pestrý majetok doplnkových fondov novinkou tretieho piliera je uvádzanie dôchodkovej jednotky

Doplnkové dôchodkové fondy začali zverejňovať hodnotu dôchodkovej jednotky. Priblíženie k podielovým a druhopilierovým fondom. Cenné papiere a fondy. Podiel na trhu. Údaje Národnej banky Slovenska a zmeny v konkurencii.

Guardado en:
Detalles Bibliográficos
Autor principal: Škriniar, Pavel, 1979-
Formato: Capítulo de libro
Lenguaje:eslovaco
Materias:
Etiquetas: Agregar Etiqueta
Sin Etiquetas, Sea el primero en etiquetar este registro!

MARC

LEADER 00000naa$a2200000$$$4500
001 0107851
005 20240502072205.7
041 0 |a slo 
044 |a SK 
245 1 0 |a Pestrý majetok doplnkových fondov  |b novinkou tretieho piliera je uvádzanie dôchodkovej jednotky  |c Pavel Škriniar 
520 |a Doplnkové dôchodkové fondy začali zverejňovať hodnotu dôchodkovej jednotky. Priblíženie k podielovým a druhopilierovým fondom. Cenné papiere a fondy. Podiel na trhu. Údaje Národnej banky Slovenska a zmeny v konkurencii. 
610 2 0 |a spoločnosti dôchodkové doplnkové 
610 2 0 |a investície 
610 2 0 |a fondy podielové 
610 2 0 |a papiere cenné 
610 2 0 |a dlhopisy štátne 
610 2 0 |a trh finančný 
100 1 |a Škriniar, Pavel, 1979-